House prices set to fall as austerity measures start to bite (Record no. 110820)

MARC details
000 -LEADER
fixed length control field 01169cad a22002295a 4500
001 - CONTROL NUMBER
control field L150289
008 - FIXED-LENGTH DATA ELEMENTS--GENERAL INFORMATION
fixed length control field 070830e20100622 d f s 000 0 eng u
035 ## - SYSTEM CONTROL NUMBER
System control number (Sirsi) u150289
041 0# - LANGUAGE CODE
Language code of text/sound track or separate title eng
050 ## - LIBRARY OF CONGRESS CALL NUMBER
Classification number 333.33 $2 18
110 2# - MAIN ENTRY--CORPORATE NAME
Corporate name or jurisdiction name as entry element Rightmove
245 00 - TITLE STATEMENT
Title House prices set to fall as austerity measures start to bite
Medium [electronic resource]
260 ## - PUBLICATION, DISTRIBUTION, ETC.
Place of publication, distribution, etc. London
Name of publisher, distributor, etc. Rightmove
Date of publication, distribution, etc. 2010
490 00 - SERIES STATEMENT
Series statement Rightmove House Price Index
Volume/sequential designation June 2010
520 ## - SUMMARY, ETC.
Summary, etc. Average national asking prices increase by 0.3% between May and June 2010. Asking prices are falling in real terms with the Retail Price Index (RPI) at 5.1% compared with a year on year rise of 5% in asking prices. 22% increase in sellers coming onto the market following suspension of Home Information Packs (HIPs) resulting in large jump in unsold stock. Sellers and tenants face tough times ahead.
590 ## - LOCAL NOTE (RLIN)
Local note KA
650 24 - SUBJECT ADDED ENTRY--TOPICAL TERM
Topical term or geographic name entry element RIGHTMOVE HOUSE PRICE INDEX
651 #4 - SUBJECT ADDED ENTRY--GEOGRAPHIC NAME
Geographic name United Kingdom
Chronological subdivision
690 ## - LOCAL SUBJECT ADDED ENTRY--TOPICAL TERM (OCLC, RLIN)
Topical term or geographic name as entry element PROPERTY-RESIDENTIAL PROPERTY-RESIDENTIAL PROPERTY MARKET
856 40 - ELECTRONIC LOCATION AND ACCESS
Uniform Resource Identifier <a href="https://www.rightmove.co.uk/news/files/2010/06/june-2010.pdf">https://www.rightmove.co.uk/news/files/2010/06/june-2010.pdf</a>
Public note View the index free of charge at www.rightmove.co.uk
942 ## - ADDED ENTRY ELEMENTS (KOHA)
Suppress in OPAC 0
Holdings
Withdrawn status Lost status Source of classification or shelving scheme Damaged status Not for loan Home library Current library Shelving location Date acquired Total Checkouts Full call number Barcode Date last seen Copy number Price effective from Koha item type
    Dewey Decimal Classification     Virtual Virtual Online 22/06/2010   ONLINE PUBLICATION ONLINE 06/08/2019 1 06/08/2019 Book